Etudes sur la littérature française au XIX siécle (Record no. 141760)
[ view plain ]
| 000 -LEADER | |
|---|---|
| campo de control de longitud fija | 00935nam a2200217 i 4500 |
| 001 - NÚMERO DE CONTROL | |
| campo de control | 141760 |
| 003 - IDENTIFICADOR DE NÚMERO DE CONTROL | |
| campo de control | ES-MaACL |
| 005 - FECHA Y HORA DE LA ÚLTIMA TRANSACCIÓN | |
| campo de control | 20260505171013.0 |
| 007 - CAMPO FIJO DE DESCRIPCIÓN FÍSICA--INFORMACIÓN GENERAL | |
| campo de control de longitud fija | t| |
| 008 - DATOS DE LONGITUD FIJA--INFORMACIÓN GENERAL | |
| campo de control de longitud fija | 070927s1911 sz ||||1| fre d |
| 100 1# - ENTRADA PRINCIPAL--NOMBRE DE PERSONA | |
| Nombre de persona | Vinet, Alexandre. |
| 9 (RLIN) | 115326 |
| 245 10 - MENCIÓN DEL TÍTULO | |
| Título | Etudes sur la littérature française au XIX siécle |
| Resto del título | : . Tome premier : Madame de Stèael et Chateaubriand / |
| Mención de responsabilidad, etc. | Alexandre Vinet ; texte de l'edition posthume de 1848 revu et complété d'aprés les documents originaux et précédé d'une préface par Paul Sirven. |
| 260 ## - PUBLICACIÓN, DISTRIBUCIÓN, ETC. | |
| Lugar de publicación, distribución, etc. | Laussane : |
| Nombre del editor, distribuidor, etc. | George Bridel et Cie, |
| Fecha de publicación, distribución, etc. | [1911] ( |
| Fabricante | Imp. Réunies) |
| 300 ## - DESCRIPCIÓN FÍSICA | |
| Extensión | XXX, 560 p. ; |
| Dimensiones | 23 cm. |
| 600 14 - PUNTO DE ACCESO ADICIONAL DE MATERIA--NOMBRE DE PERSONA | |
| Nombre de persona | Staël-Holstein, Germaine de, |
| Fechas asociadas al nombre | 1766-1817 |
| 9 (RLIN) | 107844 |
| 600 14 - PUNTO DE ACCESO ADICIONAL DE MATERIA--NOMBRE DE PERSONA | |
| Nombre de persona | Chateaubriand, François-René, |
| Títulos y otros términos asociados al nombre | vicomte de, |
| Fechas asociadas al nombre | 1768-1848 |
| 9 (RLIN) | 38177 |
| 650 #4 - PUNTO DE ACCESO ADICIONAL DE MATERIA--TÉRMINO DE MATERIA | |
| Término de materia o nombre geográfico como elemento de entrada | Literatura francesa- |
| Subdivisión cronológica | S.XIX. |
| 9 (RLIN) | 14588 |
| 700 1# - ENTRADA AGREGADA--NOMBRE PERSONAL | |
| Nombre de persona | Sirven, Paul. |
| 9 (RLIN) | 106685 |
| 852 ## - LOCALIZACIÓN | |
| Ubicación | ES-MaACL |
| Número de control de estantería | B-13655 |
| Estatus retirado | Estado de pérdida | Estado de daño | No para préstamo | Biblioteca de origen | Biblioteca actual | Ubicación en estantería | Fecha de adquisición | Fuente de adquisición | Total de préstamos | Signatura topográfica completa | Código de barras | Visto por última vez | Precio de reemplazo | Tipo de ítem Koha |
|---|---|---|---|---|---|---|---|---|---|---|---|---|---|---|
| Biblioteca del Ateneo de Madrid | Biblioteca del Ateneo de Madrid | Sala Pardo Bazán | 17/01/2008 | B-13655 | 1147504 | 23/02/2023 | 23/02/2023 | Libro impreso |
